000 00190 a2200097 4500
020 _a9781512497588
041 _aspa
100 _aTessa Kenan
245 _aQue vivan los Doctores
942 _cK
999 _c27533
_d27533